[Event "Kaido Kulaots 50 Rapid Tournament 2026"]
[Site "Parnu, EE"]
[Date "2026.02.28"]
[Round "6"]
[White "Shishkov, Andrei"]
[Black "Volodin, Aleksandr"]
[Result "0-1"]
[Board "1"]
[WhiteFideId "4500563"]
[BlackFideId "4501950"]
[WhiteTitle "IM"]
[BlackTitle "GM"]
[WhiteElo "2308"]
[BlackElo "2431"]
[WhiteTeam "EST"]
[BlackTeam "EST"]
[WhiteClock "0:00:38"]
[BlackClock "0:00:23"]
[Variant "Standard"]

1. d4 {[%clk 0:10:10]}  Nf6 {[%clk 0:09:50]} 2. c4 {[%clk 0:10:14]}  e6 {[%clk 0:09:54]} 3. Nc3 {[%clk 0:10:19]}  Bb4 {[%clk 0:09:54]} 4. e3 {[%clk 0:10:23]}  O-O {[%clk 0:09:53]} 5. Bd2 {[%clk 0:10:27]}  d5 {[%clk 0:09:36]} 6. Nf3 {[%clk 0:10:31]}  dxc4 {[%clk 0:08:41]} 7. Bxc4 {[%clk 0:10:32]}  a6 {[%clk 0:08:45]} 8. O-O {[%clk 0:10:25]}  b5 {[%clk 0:08:22]} 9. Bd3 {[%clk 0:10:18]}  c5 {[%clk 0:05:38]} 10. a3 {[%clk 0:10:22]}  Ba5 {[%clk 0:04:24]} 11. Ne4 {[%clk 0:09:00]}  Bxd2 {[%clk 0:04:04]} 12. Nfxd2 {[%clk 0:08:59]}  cxd4 {[%clk 0:02:38]} 13. Qf3 {[%clk 0:08:52]}  Ra7 {[%clk 0:02:39]} 14. Rad1 {[%clk 0:02:54]}  dxe3 {[%clk 0:02:06]} 15. Qxe3 {[%clk 0:02:20]}  Rd7 {[%clk 0:02:05]} 16. Nxf6+ {[%clk 0:02:16]}  Qxf6 {[%clk 0:02:05]} 17. Ne4 {[%clk 0:02:08]}  Qxb2 {[%clk 0:01:09]} 18. Ng5 {[%clk 0:01:27]}  h6 {[%clk 0:00:51]} 19. Qe4 {[%clk 0:01:29]}  f5 {[%clk 0:00:27]} 20. Qxe6+ {[%clk 0:00:56]}  Rdf7 {[%clk 0:00:32]} 21. Qd6 {[%clk 0:00:51]}  hxg5 {[%clk 0:00:35]} 22. Qxb8 {[%clk 0:00:55]}  Qxa3 {[%clk 0:00:34]} 23. Qg3 {[%clk 0:00:52]}  Qe7 {[%clk 0:00:28]} 24. f4 {[%clk 0:00:45]}  gxf4 {[%clk 0:00:24]} 25. Rxf4 {[%clk 0:00:48]}  Re8 {[%clk 0:00:23]} 26. Rf3 {[%clk 0:00:32]}  Bb7 {[%clk 0:00:16]} 27. Rxf5 {[%clk 0:00:34]}  Rxf5 {[%clk 0:00:19]} 28. Bxf5 {[%clk 0:00:38]}  Qc5+ {[%clk 0:00:23]} 0-1

[Event "Kaido Kulaots 50 Rapid Tournament 2026"]
[Site "Parnu, EE"]
[Date "2026.02.28"]
[Round "6"]
[White "Dzjuba, Jegor"]
[Black "Rychagov, Nikita"]
[Result "0-1"]
[Board "2"]
[WhiteFideId "4516710"]
[BlackFideId "4508394"]
[BlackTitle "CM"]
[WhiteElo "1877"]
[BlackElo "2309"]
[WhiteTeam "EST"]
[BlackTeam "EST"]
[WhiteClock "0:00:22"]
[BlackClock "0:02:06"]
[Variant "Standard"]

1. e4 {[%clk 0:10:08]}  e5 {[%clk 0:10:10]} 2. Nf3 {[%clk 0:10:10]}  Nc6 {[%clk 0:10:14]} 3. Bc4 {[%clk 0:10:02]}  Bc5 {[%clk 0:10:17]} 4. d3 {[%clk 0:10:04]}  Nf6 {[%clk 0:10:20]} 5. c3 {[%clk 0:10:02]}  O-O {[%clk 0:10:22]} 6. a4 {[%clk 0:10:00]}  a5 {[%clk 0:10:20]} 7. Bg5 {[%clk 0:09:47]}  h6 {[%clk 0:10:23]} 8. Bh4 {[%clk 0:09:51]}  Be7 {[%clk 0:10:27]} 9. O-O {[%clk 0:09:41]}  d6 {[%clk 0:10:30]} 10. Nbd2 {[%clk 0:09:27]}  Nh7 {[%clk 0:09:02]} 11. Bxe7 {[%clk 0:09:21]}  Qxe7 {[%clk 0:09:03]} 12. d4 {[%clk 0:09:09]}  Nf6 {[%clk 0:08:18]} 13. Re1 {[%clk 0:08:54]}  Re8 {[%clk 0:07:53]} 14. Qb3 {[%clk 0:07:34]}  Nd8 {[%clk 0:07:29]} 15. h3 {[%clk 0:06:40]}  Rb8 {[%clk 0:07:00]} 16. Rad1 {[%clk 0:05:51]}  Nh5 {[%clk 0:06:31]} 17. Nf1 {[%clk 0:05:25]}  Nf4 {[%clk 0:06:27]} 18. Ng3 {[%clk 0:04:59]}  Qf6 {[%clk 0:06:20]} 19. Re3 {[%clk 0:04:19]}  h5 {[%clk 0:05:57]} 20. Qb5 {[%clk 0:03:21]}  c6 {[%clk 0:03:40]} 21. Qxa5 {[%clk 0:03:16]}  h4 {[%clk 0:02:58]} 22. Nf5 {[%clk 0:01:35]}  Bxf5 {[%clk 0:02:59]} 23. exf5 {[%clk 0:01:35]}  d5 {[%clk 0:02:23]} 24. Qc7 {[%clk 0:01:04]}  Ra8 {[%clk 0:02:05]} 25. Rxe5 {[%clk 0:00:50]}  Rxe5 {[%clk 0:02:05]} 26. dxe5 {[%clk 0:00:25]}  Qxf5 {[%clk 0:02:09]} 27. Bf1 {[%clk 0:00:12]}  Nxh3+ {[%clk 0:02:03]} 28. gxh3 {[%clk 0:00:15]}  Qxf3 {[%clk 0:02:07]} 29. Rd4 {[%clk 0:00:09]}  Qh5 {[%clk 0:01:09]} 30. Rg4 {[%clk 0:00:10]}  Qh6 {[%clk 0:00:44]} 31. Qe7 {[%clk 0:00:08]}  Ne6 {[%clk 0:00:37]} 32. Rxh4 {[%clk 0:00:07]}  Qc1 {[%clk 0:00:32]} 33. Qxb7 {[%clk 0:00:08]}  Rf8 {[%clk 0:00:36]} 34. Qxc6 {[%clk 0:00:08]}  Ng5 {[%clk 0:00:38]} 35. Qxd5 {[%clk 0:00:09]}  Qxb2 {[%clk 0:00:34]} 36. Rg4 {[%clk 0:00:13]}  Qc1 {[%clk 0:00:35]} 37. h4 {[%clk 0:00:13]}  Nh3+ {[%clk 0:00:32]} 38. Kg2 {[%clk 0:00:11]}  Nf4+ {[%clk 0:00:37]} 39. Rxf4 {[%clk 0:00:11]}  Qxf4 {[%clk 0:00:41]} 40. a5 {[%clk 0:00:12]}  Qg4+ {[%clk 0:00:45]} 41. Kh2 {[%clk 0:00:12]}  Qxh4+ {[%clk 0:00:50]} 42. Kg1 {[%clk 0:00:16]}  Qg5+ {[%clk 0:00:51]} 43. Bg2 {[%clk 0:00:19]}  Qc1+ {[%clk 0:00:55]} 44. Kh2 {[%clk 0:00:23]}  Rc8 {[%clk 0:00:51]} 45. a6 {[%clk 0:00:23]}  Qh6+ {[%clk 0:00:54]} 46. Kg3 {[%clk 0:00:18]}  Qxa6 {[%clk 0:00:58]} 47. Be4 {[%clk 0:00:15]}  Rxc3+ {[%clk 0:01:00]} 48. f3 {[%clk 0:00:19]}  Rc8 {[%clk 0:00:59]} 49. Qd7 {[%clk 0:00:15]}  Qe6 {[%clk 0:00:57]} 50. Qxe6 {[%clk 0:00:10]}  fxe6 {[%clk 0:01:02]} 51. Bg6 {[%clk 0:00:12]}  Kf8 {[%clk 0:01:05]} 52. Kf4 {[%clk 0:00:15]}  Ke7 {[%clk 0:01:08]} 53. Be4 {[%clk 0:00:17]}  Rc5 {[%clk 0:01:09]} 54. Bg6 {[%clk 0:00:16]}  Ra5 {[%clk 0:01:10]} 55. Be4 {[%clk 0:00:15]}  g5+ {[%clk 0:01:11]} 56. Kxg5 {[%clk 0:00:17]}  Rxe5+ {[%clk 0:01:15]} 57. Kf4 {[%clk 0:00:18]}  Kf6 {[%clk 0:01:19]} 58. Bd3 {[%clk 0:00:12]}  Ra5 {[%clk 0:01:23]} 59. Be4 {[%clk 0:00:15]}  Ra4 {[%clk 0:01:26]} 60. Kg4 {[%clk 0:00:15]}  Ke5 {[%clk 0:01:31]} 61. Kg3 {[%clk 0:00:16]}  Ra7 {[%clk 0:01:33]} 62. Kf2 {[%clk 0:00:13]}  Kf4 {[%clk 0:01:37]} 63. Ke2 {[%clk 0:00:16]}  Ra3 {[%clk 0:01:41]} 64. Kf2 {[%clk 0:00:14]}  Ra2+ {[%clk 0:01:45]} 65. Ke1 {[%clk 0:00:13]}  Ke3 {[%clk 0:01:49]} 66. Kd1 {[%clk 0:00:14]}  e5 {[%clk 0:01:50]} 67. Kc1 {[%clk 0:00:11]}  Rf2 {[%clk 0:01:53]} 68. Kd1 {[%clk 0:00:14]}  Rxf3 {[%clk 0:01:56]} 69. Bxf3 {[%clk 0:00:17]}  Kxf3 {[%clk 0:02:00]} 70. Kd2 {[%clk 0:00:18]}  e4 {[%clk 0:02:02]} 71. Ke1 {[%clk 0:00:22]}  Ke3 {[%clk 0:02:06]} 0-1

[Event "Kaido Kulaots 50 Rapid Tournament 2026"]
[Site "Parnu, EE"]
[Date "2026.02.28"]
[Round "6"]
[White "Shvyrjov, Igor"]
[Black "Blokhin, Sofia"]
[Result "1-0"]
[Board "3"]
[WhiteFideId "4500490"]
[BlackFideId "4508190"]
[WhiteTitle "GM"]
[BlackTitle "WFM"]
[WhiteElo "2202"]
[BlackElo "2013"]
[WhiteTeam "EST"]
[BlackTeam "EST"]
[WhiteClock "0:00:28"]
[BlackClock "0:00:13"]
[Variant "Standard"]

1. Nf3 {[%clk 0:10:08]}  g6 {[%clk 0:10:09]} 2. d4 {[%clk 0:10:10]}  f5 {[%clk 0:10:12]} 3. g3 {[%clk 0:10:03]}  Nf6 {[%clk 0:10:15]} 4. Bg2 {[%clk 0:10:07]}  Bg7 {[%clk 0:10:18]} 5. O-O {[%clk 0:10:07]}  O-O {[%clk 0:10:20]} 6. c3 {[%clk 0:10:06]}  d6 {[%clk 0:10:23]} 7. Qb3+ {[%clk 0:10:08]}  Kh8 {[%clk 0:10:20]} 8. Ng5 {[%clk 0:10:07]}  d5 {[%clk 0:10:21]} 9. Nf3 {[%clk 0:09:55]}  c6 {[%clk 0:10:05]} 10. Bf4 {[%clk 0:09:57]}  Na6 {[%clk 0:09:48]} 11. Nbd2 {[%clk 0:09:55]}  Nc7 {[%clk 0:09:38]} 12. a4 {[%clk 0:09:49]}  Ne4 {[%clk 0:09:14]} 13. Rfd1 {[%clk 0:09:35]}  Ne8 {[%clk 0:08:01]} 14. Be5 {[%clk 0:09:27]}  N8f6 {[%clk 0:07:49]} 15. a5 {[%clk 0:09:21]}  Bh6 {[%clk 0:07:02]} 16. e3 {[%clk 0:09:18]}  Kg8 {[%clk 0:06:54]} 17. c4 {[%clk 0:09:02]}  e6 {[%clk 0:05:42]} 18. Bxf6 {[%clk 0:08:17]}  Qxf6 {[%clk 0:05:36]} 19. Ne5 {[%clk 0:08:16]}  g5 {[%clk 0:04:57]} 20. f4 {[%clk 0:07:02]}  gxf4 {[%clk 0:04:32]} 21. exf4 {[%clk 0:07:03]}  Kh8 {[%clk 0:04:09]} 22. a6 {[%clk 0:06:34]}  Rb8 {[%clk 0:03:50]} 23. Nxe4 {[%clk 0:05:59]}  fxe4 {[%clk 0:03:42]} 24. Nxc6 {[%clk 0:06:02]}  bxc6 {[%clk 0:03:26]} 25. Qxb8 {[%clk 0:06:05]}  Bxa6 {[%clk 0:03:06]} 26. Qe5 {[%clk 0:05:57]}  Qxe5 {[%clk 0:02:59]} 27. dxe5 {[%clk 0:05:59]}  Bxc4 {[%clk 0:02:57]} 28. Rxa7 {[%clk 0:05:57]}  e3 {[%clk 0:02:12]} 29. Bf3 {[%clk 0:05:49]}  Rb8 {[%clk 0:02:06]} 30. Rc7 {[%clk 0:04:42]}  Bb5 {[%clk 0:01:51]} 31. Kg2 {[%clk 0:02:01]}  Bf8 {[%clk 0:01:47]} 32. Re1 {[%clk 0:01:38]}  d4 {[%clk 0:01:40]} 33. Be4 {[%clk 0:01:40]}  Bb4 {[%clk 0:01:33]} 34. Ra1 {[%clk 0:01:42]}  e2 {[%clk 0:01:20]} 35. Kf2 {[%clk 0:01:41]}  d3 {[%clk 0:01:14]} 36. Rxh7+ {[%clk 0:01:31]}  Kg8 {[%clk 0:01:17]} 37. Bxd3 {[%clk 0:00:46]}  Bxd3 {[%clk 0:01:21]} 38. Rd7 {[%clk 0:00:51]}  Bb5 {[%clk 0:00:43]} 39. h4 {[%clk 0:00:40]}  Bc4 {[%clk 0:00:41]} 40. h5 {[%clk 0:00:36]}  Bc5+ {[%clk 0:00:40]} 41. Kf3 {[%clk 0:00:18]}  Rxb2 {[%clk 0:00:16]} 42. Ra8+ {[%clk 0:00:16]}  Bf8 {[%clk 0:00:20]} 43. h6 {[%clk 0:00:20]}  Rb3+ {[%clk 0:00:11]} 44. Kg4 {[%clk 0:00:22]}  Bd3 {[%clk 0:00:14]} 45. Rg7+ {[%clk 0:00:24]}  Kh8 {[%clk 0:00:13]} 46. Rxf8# {[%clk 0:00:28]} 1-0

[Event "Kaido Kulaots 50 Rapid Tournament 2026"]
[Site "Parnu, EE"]
[Date "2026.02.28"]
[Round "7"]
[White "Volodin, Aleksandr"]
[Black "Rychagov, Nikita"]
[Result "1/2-1/2"]
[Board "1"]
[WhiteFideId "4501950"]
[BlackFideId "4508394"]
[WhiteTitle "GM"]
[BlackTitle "CM"]
[WhiteElo "2431"]
[BlackElo "2309"]
[WhiteTeam "EST"]
[BlackTeam "EST"]
[WhiteClock "0:00:12"]
[BlackClock "0:00:39"]
[Variant "Standard"]

1. d4 {[%clk 0:10:08]}  Nf6 {[%clk 0:10:09]} 2. c4 {[%clk 0:10:11]}  e6 {[%clk 0:10:13]} 3. Nf3 {[%clk 0:10:11]}  d5 {[%clk 0:10:18]} 4. e3 {[%clk 0:10:15]}  Be7 {[%clk 0:10:21]} 5. b3 {[%clk 0:10:14]}  O-O {[%clk 0:10:24]} 6. Bb2 {[%clk 0:10:15]}  c5 {[%clk 0:10:18]} 7. cxd5 {[%clk 0:09:34]}  Nxd5 {[%clk 0:10:21]} 8. Nbd2 {[%clk 0:09:08]}  Nc6 {[%clk 0:10:23]} 9. dxc5 {[%clk 0:09:00]}  Bxc5 {[%clk 0:10:26]} 10. Rc1 {[%clk 0:08:48]}  Be7 {[%clk 0:09:22]} 11. a3 {[%clk 0:08:11]}  Bf6 {[%clk 0:08:46]} 12. Qc2 {[%clk 0:07:50]}  Bd7 {[%clk 0:07:36]} 13. Bxf6 {[%clk 0:05:10]}  Nxf6 {[%clk 0:07:35]} 14. Be2 {[%clk 0:04:43]}  Rc8 {[%clk 0:07:37]} 15. Qb2 {[%clk 0:04:47]}  Qe7 {[%clk 0:07:32]} 16. b4 {[%clk 0:04:42]}  e5 {[%clk 0:05:20]} 17. b5 {[%clk 0:02:20]}  Na5 {[%clk 0:05:21]} 18. Rxc8 {[%clk 0:01:46]}  Rxc8 {[%clk 0:05:25]} 19. Nxe5 {[%clk 0:01:43]}  Bf5 {[%clk 0:04:43]} 20. O-O {[%clk 0:01:20]}  Rc2 {[%clk 0:04:41]} 21. Qd4 {[%clk 0:01:24]}  h6 {[%clk 0:03:15]} 22. Bf3 {[%clk 0:00:49]}  Be6 {[%clk 0:01:41]} 23. Ne4 {[%clk 0:00:28]}  Nxe4 {[%clk 0:01:30]} 24. Qxe4 {[%clk 0:00:30]}  Rc5 {[%clk 0:01:25]} 25. Qb4 {[%clk 0:00:17]}  Qc7 {[%clk 0:01:27]} 26. Nd3 {[%clk 0:00:20]}  Rc4 {[%clk 0:01:29]} 27. Qb2 {[%clk 0:00:17]}  Qd6 {[%clk 0:01:18]} 28. Nf4 {[%clk 0:00:16]}  Bf5 {[%clk 0:01:07]} 29. Rd1 {[%clk 0:00:18]}  Qc7 {[%clk 0:01:07]} 30. h3 {[%clk 0:00:17]}  b6 {[%clk 0:00:58]} 31. Nd5 {[%clk 0:00:21]}  Qc5 {[%clk 0:00:54]} 32. Qe5 {[%clk 0:00:17]}  Be6 {[%clk 0:00:50]} 33. Qb8+ {[%clk 0:00:19]}  Kh7 {[%clk 0:00:54]} 34. Nf4 {[%clk 0:00:19]}  Qc7 {[%clk 0:00:38]} 35. Be4+ {[%clk 0:00:22]}  g6 {[%clk 0:00:23]} 36. Bxg6+ {[%clk 0:00:25]}  fxg6 {[%clk 0:00:27]} 37. Qxc7+ {[%clk 0:00:25]}  Rxc7 {[%clk 0:00:31]} 38. Nxe6 {[%clk 0:00:34]}  Re7 {[%clk 0:00:30]} 39. Nd4 {[%clk 0:00:19]}  Nc4 {[%clk 0:00:33]} 40. a4 {[%clk 0:00:20]}  Nb2 {[%clk 0:00:35]} 41. Ra1 {[%clk 0:00:22]}  Rc7 {[%clk 0:00:38]} 42. a5 {[%clk 0:00:22]}  bxa5 {[%clk 0:00:24]} 43. Rxa5 {[%clk 0:00:23]}  Nc4 {[%clk 0:00:28]} 44. Ra6 {[%clk 0:00:21]}  Nd2 {[%clk 0:00:32]} 45. Ra1 {[%clk 0:00:19]}  Rb7 {[%clk 0:00:34]} 46. Nc6 {[%clk 0:00:19]}  Rxb5 {[%clk 0:00:33]} 47. Rxa7+ {[%clk 0:00:21]}  Kh8 {[%clk 0:00:42]} 48. Ra1 {[%clk 0:00:19]}  Rb2 {[%clk 0:00:42]} 49. f3 {[%clk 0:00:08]}  Nc4 {[%clk 0:00:46]} 50. Re1 {[%clk 0:00:10]}  Kg7 {[%clk 0:00:41]} 51. Nd4 {[%clk 0:00:13]}  Kf6 {[%clk 0:00:45]} 52. Kf1 {[%clk 0:00:09]}  Nd2+ {[%clk 0:00:49]} 53. Kg1 {[%clk 0:00:10]}  Nc4 {[%clk 0:00:53]} 54. Nc6 {[%clk 0:00:07]}  g5 {[%clk 0:00:54]} 55. Nd4 {[%clk 0:00:07]}  Rd2 {[%clk 0:00:56]} 56. Kh2 {[%clk 0:00:06]}  Nxe3 {[%clk 0:00:58]} 57. Rxe3 {[%clk 0:00:09]}  Rxd4 {[%clk 0:01:02]} 58. Ra3 {[%clk 0:00:12]}  Rd6 {[%clk 0:01:06]} 59. Ra5 {[%clk 0:00:14]}  Kg6 {[%clk 0:01:09]} 60. Kg3 {[%clk 0:00:22]}  Rb6 {[%clk 0:01:07]} 61. h4 {[%clk 0:00:25]}  gxh4+ {[%clk 0:00:43]} 62. Kxh4 {[%clk 0:00:26]}  Rc6 {[%clk 0:00:48]} 63. Kg4 {[%clk 0:00:26]}  Rb6 {[%clk 0:00:48]} 64. Rd5 {[%clk 0:00:26]}  Ra6 {[%clk 0:00:53]} 65. g3 {[%clk 0:00:26]}  Rb6 {[%clk 0:00:56]} 66. Rd4 {[%clk 0:00:21]}  Ra6 {[%clk 0:01:01]} 67. Kf4 {[%clk 0:00:22]}  Rf6+ {[%clk 0:01:05]} 68. Ke4 {[%clk 0:00:23]}  Re6+ {[%clk 0:01:10]} 69. Kd5 {[%clk 0:00:23]}  Re8 {[%clk 0:00:51]} 70. Re4 {[%clk 0:00:11]}  Rd8+ {[%clk 0:00:55]} 71. Ke5 {[%clk 0:00:09]}  Re8+ {[%clk 0:00:54]} 72. Kf4 {[%clk 0:00:15]}  Rf8+ {[%clk 0:01:04]} 73. Ke3 {[%clk 0:00:18]}  Ra8 {[%clk 0:00:50]} 74. Re6+ {[%clk 0:00:21]}  Kg7 {[%clk 0:00:25]} 75. Kf4 {[%clk 0:00:18]}  Ra3 {[%clk 0:00:35]} 76. Kg4 {[%clk 0:00:17]}  Ra5 {[%clk 0:00:34]} 77. f4 {[%clk 0:00:14]}  Ra3 {[%clk 0:00:35]} 78. Kh4 {[%clk 0:00:16]}  Rf3 {[%clk 0:00:30]} 79. Ra6 {[%clk 0:00:16]}  Rf1 {[%clk 0:00:18]} 80. Kh5 {[%clk 0:00:17]}  Rh1+ {[%clk 0:00:23]} 81. Kg4 {[%clk 0:00:21]}  Rb1 {[%clk 0:00:13]} 82. Re6 {[%clk 0:00:16]}  Ra1 {[%clk 0:00:14]} 83. Kf5 {[%clk 0:00:16]}  Ra5+ {[%clk 0:00:11]} 84. Re5 {[%clk 0:00:19]}  Ra7 {[%clk 0:00:15]} 85. Rd5 {[%clk 0:00:21]}  Rb7 {[%clk 0:00:20]} 86. Rd6 {[%clk 0:00:18]}  Rb5+ {[%clk 0:00:23]} 87. Kg4 {[%clk 0:00:17]}  Rb3 {[%clk 0:00:26]} 88. Kh4 {[%clk 0:00:19]}  Rf3 {[%clk 0:00:30]} 89. Rb6 {[%clk 0:00:19]}  Rf1 {[%clk 0:00:21]} 90. Kh5 {[%clk 0:00:15]}  Rh1+ {[%clk 0:00:26]} 91. Kg4 {[%clk 0:00:19]}  Ra1 {[%clk 0:00:28]} 92. Rb7+ {[%clk 0:00:15]}  Kg6 {[%clk 0:00:31]} 93. f5+ {[%clk 0:00:15]}  Kf6 {[%clk 0:00:36]} 94. Rb6+ {[%clk 0:00:18]}  Kg7 {[%clk 0:00:31]} 95. Rg6+ {[%clk 0:00:22]}  Kh7 {[%clk 0:00:40]} 96. Rd6 {[%clk 0:00:08]}  Kg7 {[%clk 0:00:42]} 97. Rd7+ {[%clk 0:00:11]}  Kf6 {[%clk 0:00:46]} 98. Rd6+ {[%clk 0:00:15]}  Kg7 {[%clk 0:00:36]} 99. Rc6 {[%clk 0:00:09]}  Rb1 {[%clk 0:00:53]} 100. Ra6 {[%clk 0:00:08]}  Rc1 {[%clk 0:00:57]} 101. Kf3 {[%clk 0:00:09]}  Rc3+ {[%clk 0:01:01]} 102. Kf4 {[%clk 0:00:12]}  Rb3 {[%clk 0:00:34]} 103. Rg6+ {[%clk 0:00:15]}  Kh7 {[%clk 0:00:38]} 104. Rg4 {[%clk 0:00:08]}  Rb4+ {[%clk 0:00:37]} 105. Kf3 {[%clk 0:00:12]}  Rb3+ {[%clk 0:00:37]} 106. Kg2 {[%clk 0:00:11]}  Rb5 {[%clk 0:00:40]} 107. Rf4 {[%clk 0:00:14]}  Kg7 {[%clk 0:00:43]} 108. g4 {[%clk 0:00:10]}  Kf6 {[%clk 0:00:47]} 109. Re4 {[%clk 0:00:09]}  Kg5 {[%clk 0:00:29]} 110. Kf3 {[%clk 0:00:09]}  h5 {[%clk 0:00:39]} 111. gxh5 {[%clk 0:00:12]} 1/2-1/2

[Event "Kaido Kulaots 50 Rapid Tournament 2026"]
[Site "Parnu, EE"]
[Date "2026.02.28"]
[Round "7"]
[White "Dubrovin, Robert"]
[Black "Shvyrjov, Igor"]
[Result "1-0"]
[Board "2"]
[WhiteFideId "4501829"]
[BlackFideId "4500490"]
[BlackTitle "GM"]
[WhiteElo "2231"]
[BlackElo "2202"]
[WhiteTeam "EST"]
[BlackTeam "EST"]
[WhiteClock "0:01:39"]
[BlackClock "0:00:13"]
[Variant "Standard"]

1. d4 {[%clk 0:10:09]}  d6 {[%clk 0:10:08]} 2. Nf3 {[%clk 0:10:11]}  Bg4 {[%clk 0:10:11]} 3. e4 {[%clk 0:10:15]}  Nf6 {[%clk 0:10:09]} 4. Nc3 {[%clk 0:10:18]}  c6 {[%clk 0:10:03]} 5. h3 {[%clk 0:10:17]}  Bh5 {[%clk 0:09:52]} 6. Be2 {[%clk 0:09:51]}  Nbd7 {[%clk 0:09:54]} 7. Be3 {[%clk 0:09:50]}  e5 {[%clk 0:09:45]} 8. O-O {[%clk 0:09:51]}  Be7 {[%clk 0:09:48]} 9. a4 {[%clk 0:09:53]}  O-O {[%clk 0:09:46]} 10. a5 {[%clk 0:09:35]}  Qc7 {[%clk 0:07:59]} 11. Nd2 {[%clk 0:08:49]}  Bxe2 {[%clk 0:07:47]} 12. Qxe2 {[%clk 0:08:52]}  exd4 {[%clk 0:07:47]} 13. Bxd4 {[%clk 0:08:56]}  Rfe8 {[%clk 0:07:51]} 14. f4 {[%clk 0:08:32]}  Bf8 {[%clk 0:07:51]} 15. Qf3 {[%clk 0:08:29]}  a6 {[%clk 0:06:34]} 16. Nb3 {[%clk 0:08:01]}  c5 {[%clk 0:06:04]} 17. Bf2 {[%clk 0:07:42]}  b5 {[%clk 0:05:15]} 18. axb6 {[%clk 0:06:46]}  Nxb6 {[%clk 0:04:58]} 19. Na5 {[%clk 0:06:47]}  g6 {[%clk 0:04:15]} 20. Bh4 {[%clk 0:05:21]}  Bg7 {[%clk 0:04:18]} 21. e5 {[%clk 0:05:21]}  Nfd7 {[%clk 0:03:44]} 22. Ne4 {[%clk 0:05:09]}  dxe5 {[%clk 0:03:38]} 23. f5 {[%clk 0:05:06]}  Nf8 {[%clk 0:02:47]} 24. c4 {[%clk 0:04:55]}  gxf5 {[%clk 0:01:33]} 25. Qxf5 {[%clk 0:04:49]}  Re6 {[%clk 0:01:25]} 26. Ra3 {[%clk 0:04:01]}  Rg6 {[%clk 0:01:14]} 27. Raf3 {[%clk 0:03:30]}  Ra7 {[%clk 0:01:18]} 28. Ng5 {[%clk 0:02:34]}  f6 {[%clk 0:01:02]} 29. Ne6 {[%clk 0:02:23]}  Qd7 {[%clk 0:00:28]} 30. Nxg7 {[%clk 0:02:08]}  Qxg7 {[%clk 0:00:25]} 31. Bxf6 {[%clk 0:01:51]}  Rxg2+ {[%clk 0:00:23]} 32. Kh1 {[%clk 0:01:55]}  Qg6 {[%clk 0:00:32]} 33. Qxe5 {[%clk 0:01:49]}  Rd7 {[%clk 0:00:20]} 34. Nc6 {[%clk 0:01:45]}  Nc8 {[%clk 0:00:13]} 35. Be7 {[%clk 0:01:39]} 1-0

[Event "Kaido Kulaots 50 Rapid Tournament 2026"]
[Site "Parnu, EE"]
[Date "2026.02.28"]
[Round "7"]
[White "Arikov, Artem"]
[Black "Shishkov, Andrei"]
[Result "0-1"]
[Board "3"]
[WhiteFideId "4192478"]
[BlackFideId "4500563"]
[WhiteTitle "FM"]
[BlackTitle "IM"]
[WhiteElo "2084"]
[BlackElo "2308"]
[WhiteTeam "EST"]
[BlackTeam "EST"]
[WhiteClock "0:00:34"]
[BlackClock "0:00:59"]
[Variant "Standard"]

1. e4 {[%clk 0:10:09]}  c5 {[%clk 0:10:09]} 2. Nf3 {[%clk 0:10:09]}  d6 {[%clk 0:10:08]} 3. d4 {[%clk 0:10:11]}  cxd4 {[%clk 0:10:18]} 4. Qxd4 {[%clk 0:10:14]}  Nf6 {[%clk 0:10:18]} 5. Nc3 {[%clk 0:10:18]}  a6 {[%clk 0:09:58]} 6. Be2 {[%clk 0:10:19]}  Nc6 {[%clk 0:10:02]} 7. Qd3 {[%clk 0:10:21]}  g6 {[%clk 0:09:44]} 8. O-O {[%clk 0:10:21]}  Bg7 {[%clk 0:09:49]} 9. Nd5 {[%clk 0:10:08]}  O-O {[%clk 0:09:31]} 10. Bg5 {[%clk 0:08:49]}  Nxd5 {[%clk 0:08:59]} 11. exd5 {[%clk 0:08:52]}  Bf5 {[%clk 0:08:30]} 12. Qd2 {[%clk 0:07:31]}  Ne5 {[%clk 0:08:08]} 13. Nxe5 {[%clk 0:07:34]}  Bxe5 {[%clk 0:07:53]} 14. c3 {[%clk 0:07:37]}  Re8 {[%clk 0:07:31]} 15. Rfd1 {[%clk 0:07:12]}  Rc8 {[%clk 0:07:26]} 16. a4 {[%clk 0:07:09]}  a5 {[%clk 0:06:41]} 17. Be3 {[%clk 0:05:40]}  Bd7 {[%clk 0:06:33]} 18. Bb5 {[%clk 0:05:37]}  Bxb5 {[%clk 0:06:09]} 19. axb5 {[%clk 0:05:40]}  b6 {[%clk 0:06:06]} 20. f3 {[%clk 0:05:33]}  Qc7 {[%clk 0:05:52]} 21. Ra4 {[%clk 0:04:55]}  e6 {[%clk 0:05:36]} 22. Qf2 {[%clk 0:04:12]}  Rb8 {[%clk 0:05:40]} 23. Rd3 {[%clk 0:02:36]}  Qd7 {[%clk 0:05:25]} 24. c4 {[%clk 0:02:34]}  Qc7 {[%clk 0:05:26]} 25. b3 {[%clk 0:02:35]}  exd5 {[%clk 0:04:58]} 26. Rxd5 {[%clk 0:02:38]}  Qe7 {[%clk 0:04:57]} 27. Bd2 {[%clk 0:02:08]}  Qf6 {[%clk 0:04:41]} 28. Ra2 {[%clk 0:02:00]}  Bc3 {[%clk 0:04:42]} 29. Rd3 {[%clk 0:01:55]}  Bxd2 {[%clk 0:04:06]} 30. Raxd2 {[%clk 0:01:59]}  Re6 {[%clk 0:04:09]} 31. Qd4 {[%clk 0:02:00]}  Qe7 {[%clk 0:03:24]} 32. Kf2 {[%clk 0:01:55]}  Qc7 {[%clk 0:03:17]} 33. Qd5 {[%clk 0:01:41]}  Rc8 {[%clk 0:03:00]} 34. Re2 {[%clk 0:01:32]}  Rce8 {[%clk 0:02:42]} 35. Rxe6 {[%clk 0:01:32]}  Rxe6 {[%clk 0:02:47]} 36. Re3 {[%clk 0:01:09]}  Rxe3 {[%clk 0:02:03]} 37. Kxe3 {[%clk 0:01:08]}  Qe7+ {[%clk 0:02:08]} 38. Qe4 {[%clk 0:01:14]}  Qg5+ {[%clk 0:02:09]} 39. Kf2 {[%clk 0:01:14]}  Qd2+ {[%clk 0:02:12]} 40. Qe2 {[%clk 0:00:58]}  Qh6 {[%clk 0:00:56]} 41. h3 {[%clk 0:00:35]}  Qh4+ {[%clk 0:00:56]} 42. Kf1 {[%clk 0:00:39]}  Qd4 {[%clk 0:00:58]} 43. Ke1 {[%clk 0:00:30]}  Kg7 {[%clk 0:00:56]} 44. Qd2 {[%clk 0:00:34]}  Qg1+ {[%clk 0:00:59]} 0-1